| 000 | 00641cam a22002172 4500 | ||
|---|---|---|---|
| 001 | 0000011997 | ||
| 005 | 20151217145853.0 | ||
| 008 | 090125s xx 000 0 eng d | ||
| 020 | _a0768423761 : | ||
| 040 |
_aKABU _cKABU |
||
| 100 | 1 |
_aNori, Don. _@0000168141 |
|
| 245 | 1 | 4 |
_aThe Prayer God loves to answer / _cDon Nori. |
| 250 | _a1st ed. | ||
| 260 |
_aShippensburg, PA. : _bDestiny Image, _c2006. |
||
| 300 | _a176 p. | ||
| 650 | 0 |
_aPrayer _xChristianity. _@0000149197 |
|
| 650 | 0 |
_aSpiritual life _xChristianity. _@0000157934 |
|
| 852 | 1 | _9p920 KES | |
| 908 | _a090125 | ||
| 950 | _@1 | ||
| 999 |
_c3523 _d3523 |
||